Statistics for Countries That Have Beaten Uruguay At FIFA World Cup

Click here to take the quiz!

General Stats

  • This quiz has been taken 41 times
  • The average score is 18 of 21

Answer Stats

YearScoreCountry% Correct
20102 - 3Germany
100%
19660 - 4Germany
100%
19700 - 1Germany
100%
19860 - 1Argentina
97%
19701 - 3Brazil
97%
20180 - 2France
97%
19740 - 2Netherlands
97%
20102 - 3Netherlands
97%
20220 - 2Portugal
97%
19900 - 2Italy
92%
19700 - 1Sweden
89%
19740 - 3Sweden
89%
20021 - 2Denmark
84%
19861 - 6Denmark
84%
19621 - 2Soviet Union
81%
19621 - 3Yugoslavia
81%
19542 - 4Hungary
78%
19901 - 3Belgium
76%
20140 - 2Colombia
70%
20141 - 3Costa Rica
59%
19541 - 3Austria
57%

Score Distribution

Percentile by Number Answered

Percent of People with Each Score

Your Score History

You have not taken this quiz